00539 2200217 4500001002100000005001700021008004100038020001800079035002400097090001800121100001200139245004000151250000600191260003100197300002700228650000900255700000600264850001500270990002100285999001500306YOGYA-0211000000247820161107133037.0 ind  a979-413-084-2 0010-021100000002478 aDEP 157 Shi R aShipley aRasa malu sebagai hambatan kemajuan a- aYogyakartabKanisiusc1985 a60 hlm.: ilus.; 19 cm. aMalu a- aYOPDYOG[B] aCB-D.11/1985-021 a94A0000510